Descubrimiento en los ojos de la Virgen de Guadalupe / (Registro nro. 53941)
[ vista simple ]
| 000 -LEADER | |
|---|---|
| fixed length control field | 00941cam a2200277 i 4500 |
| 001 - CONTROL NUMBER | |
| control field | 53941 |
| 003 - CONTROL NUMBER IDENTIFIER | |
| control field | Mx-PuUPA |
| 005 - DATE AND TIME OF LATEST TRANSACTION | |
| control field | 20241023111844.0 |
| 008 - FIXED-LENGTH DATA ELEMENTS--GENERAL INFORMATION | |
| fixed length control field | 140415s2008 mx a gr 000 0 spa d |
| 020 ## - INTERNATIONAL STANDARD BOOK NUMBER | |
| International Standard Book Number | 9786077617044 |
| 040 ## - CATALOGING SOURCE | |
| Original cataloging agency | Mx-PuUPA |
| Language of cataloging | spa |
| Transcribing agency | Mx-PuUPA |
| Modifying agency | Mx-PuUPA |
| Description conventions | rda |
| 041 0# - LANGUAGE CODE | |
| Language code of text/sound track or separate title | spa |
| 100 1# - MAIN ENTRY--PERSONAL NAME | |
| Personal name | Salinas, Carlos, |
| Relator term | autor |
| 9 (RLIN) | 366 |
| 245 10 - TITLE STATEMENT | |
| Title | Descubrimiento en los ojos de la Virgen de Guadalupe / |
| Statement of responsibility, etc. | Carlos Salinas Saucedo |
| 250 ## - EDITION STATEMENT | |
| Edition statement | Primera edición |
| 264 #1 - PRODUCTION, PUBLICATION, DISTRIBUTION, MANUFACTURE, AND COPYRIGHT NOTICE | |
| Place of production, publication, distribution, manufacture | México : |
| Name of producer, publisher, distributor, manufacturer | Ediciones Ruiz, |
| Date of production, publication, distribution, manufacture, or copyright notice | 2008 |
| 300 ## - PHYSICAL DESCRIPTION | |
| Extent | 149 páginas : |
| Other physical details | ilustraciones ; |
| Dimensions | 24 cm. |
| 336 ## - CONTENT TYPE | |
| Content type term | texto |
| Fuente | rdacontent |
| Content type code | txt |
| 337 ## - MEDIA TYPE | |
| Media type term | sin medio |
| Source | rdamedia |
| Media type code | n |
| 338 ## - CARRIER TYPE | |
| Carrier type term | volumen |
| Source | rdacarrier |
| Carrier type code | nc |
| 600 04 - SUBJECT ADDED ENTRY--PERSONAL NAME | |
| Personal name | Virgen de Guadalupe |
| General subdivision | Apariciones y milagros |
| 710 2# - ADDED ENTRY--CORPORATE NAME | |
| Corporate name or jurisdiction name as entry element | Universidad Popular Autónoma del Estado de Puebla, |
| Relator term | colaborador |
| 9 (RLIN) | 6081 |
| 942 ## - ADDED ENTRY ELEMENTS (KOHA) | |
| Source of classification or shelving scheme | Dewey Decimal Classification |
| Koha item type | Libro |
| Classification part | 232.917 |
| Item part | S15 |
| Withdrawn status | Lost status | Source of classification or shelving scheme | Damaged status | Not for loan | Collection code | Home library | Current library | Shelving location | Date acquired | Source of acquisition | Total Checkouts | Full call number | Barcode | Price effective from | Koha item type | Date last seen | Date last checked out |
|---|---|---|---|---|---|---|---|---|---|---|---|---|---|---|---|---|---|
| Dewey Decimal Classification | Consulta en sala | UPAEP | Biblioteca Karol Wojtyla | Biblioteca Karol Wojtyla | Sala "Colecciones Especiales" | 03/12/2013 | Compra | 232.917 S15 2008 | 80198 | 03/12/2013 | Libro | 05/01/2026 | 01/03/2016 | ||||
| Dewey Decimal Classification | General | Centro de Estudios Guadalupanos | Centro de Estudios Guadalupanos | Sala general | 28/04/2015 | Compra | 232.917 SAL 2008 | 93816 | 28/04/2015 | Libro |